MARC details
| 000 -CABECERA |
| campo de control de longitud fija |
01878nam a2200277 a 4500 |
| 001 - NÚMERO DE CONTROL |
| campo de control |
000002510 |
| 005 - FECHA Y HORA DE LA ÚLTIMA TRANSACCIÓN |
| campo de control |
20200929150213.0 |
| 008 - DATOS DE LONGITUD FIJA--INFORMACIÓN GENERAL |
| campo de control de longitud fija |
090702s1973 dr d 000 0 spa d |
| 040 ## - FUENTE DE LA CATALOGACIÓN |
| Centro catalogador/agencia de origen |
DO-SdBNP |
| Lengua de catalogación |
spa |
| Centro/agencia transcriptor |
BNPHU |
| 082 ## - NÚMERO DE LA CLASIFICACIÓN DECIMAL DEWEY |
| Número de clasificación |
332.3 |
| Número de documento/Ítem |
D261a |
| 100 1# - ENTRADA PRINCIPAL--NOMBRE DE PERSONA |
| Nombre de persona |
Davis, Carlisle R. |
| 9 (RLIN) |
7898 |
| 245 10 - MENCIÓN DE TÍTULO |
| Título |
Administración de préstamos / |
| Mención de responsabilidad, etc. |
Carlisle R. Davis ; traductor Francisco Díaz Morales ; prefacio Leroy Lewis. |
| 260 ## - PUBLICACIÓN, DISTRIBUCIÓN, ETC. |
| Lugar de publicación, distribución, etc. |
Santo Domingo : |
| Nombre del editor, distribuidor, etc. |
Instituto Americano de Banca : |
| -- |
Asociación Americana de Banqueros, |
| Fecha de publicación, distribución, etc. |
1973. |
| 300 ## - DESCRIPCIÓN FÍSICA |
| Extensión |
628 p. ; |
| Dimensiones |
21 cm. |
| Otras características físicas |
diagr. |
| 500 ## - NOTA GENERAL |
| Nota general |
Incluye referencias bibliográficas y notas al pie de las páginas. |
| 505 0# - NOTA DE CONTENIDO CON FORMATO |
| Nota de contenido con formato |
Análisis de pautas -- Análisis de pautas (conclusión) -- El departamento de crédito -- Fuentes de información de crédito -- Análisis de estados financieros -- Correspondencia de crédito -- El expediente de crédito y otros registros de crédito -- Préstamos sin garantía -- Préstamos con garantía -- Préstamos con garantía (conclusión) -- Préstamos a los negocios pequeños -- Préstamos de cuotas -- Préstamos a largo plazo -- Préstamos interbancarios -- Préstamos con garantía inmobiliaria -- Influencia del sistema de la reserva federal -- Inversiones de los fondos en exceso de los bancos comerciales -- Negocios con empresas en dificultades -- Oportunidades y responsabilidades del funcionario de préstamo del banco -- Normas de préstamo -- Modelo de expediente de crédito -- Modelo de contrato de préstamo a plazo |
| 590 ## - NOTA LOCAL (RLIN) |
| Nota local |
Inventariado, 2018/MFF |
| 650 #4 - PUNTO DE ACCESO ADICIONAL DE MATERIA--TÉRMINO DE MATERIA |
| Término de materia o nombre geográfico como elemento de entrada |
Préstamos bancarios |
| 9 (RLIN) |
7899 |
| 650 #4 - PUNTO DE ACCESO ADICIONAL DE MATERIA--TÉRMINO DE MATERIA |
| Término de materia o nombre geográfico como elemento de entrada |
Préstamos comerciales |
| 9 (RLIN) |
7900 |
| 650 #4 - PUNTO DE ACCESO ADICIONAL DE MATERIA--TÉRMINO DE MATERIA |
| Término de materia o nombre geográfico como elemento de entrada |
Crédito comercial |
| 9 (RLIN) |
7901 |
| 650 #4 - PUNTO DE ACCESO ADICIONAL DE MATERIA--TÉRMINO DE MATERIA |
| Término de materia o nombre geográfico como elemento de entrada |
Administración de crédito |
| 9 (RLIN) |
7902 |
| 650 #4 - PUNTO DE ACCESO ADICIONAL DE MATERIA--TÉRMINO DE MATERIA |
| Término de materia o nombre geográfico como elemento de entrada |
Préstamos hipotecarios |
| 9 (RLIN) |
7903 |
| 700 12 - PUNTO DE ACCESO ADICIONAL--NOMBRE DE PERSONA |
| Nombre de persona |
Lewis, Leroy |
| 9 (RLIN) |
7904 |
| 700 12 - PUNTO DE ACCESO ADICIONAL--NOMBRE DE PERSONA |
| Nombre de persona |
Díaz Moralez, Francisco |
| Término indicativo de función/relación |
trad. |
| 9 (RLIN) |
7905 |
| 910 ## - DATOS DE OPCIÓN DEL USUARIO (OCLC) |
| Datos de opción del usuario |
Jornada de catalogación |